=LDR 00000nam 2200000 4500 =001 INLIS000000001052266 =005 20240820101200 =035 ##$$a 0010-0824000084 =007 ta =008 240820################a##########j#|## =020 ##$$a 978-89-86621-19-8 =082 ##$$a 028.55 =084 ##$$a 028.55 LEE k =100 #$$a Lee Eok-bae =245 1#$$a Kisah Chuseok Sol /$c Lee Eok-bae =250 ##$$a Cet. 49, Juni 2012 =260 ##$$a Gyeonggi-do :$b Gilbut Children's,$c 1995 =300 ##$$a 37 hlm. : $b ilus. ; $c 23 cm =650 #4$$a Bacaan kanak-kanak =990 ##$$a 16471647